5-Letter Geography Alphabet Blitz Quiz Stats

 Plays Quiz Updated Jul 11, 2018

Challenge
Share
Tweet
Embed
Score 0/20 Timer 02:00
3 Plays Today
Letter Country/Capital % Correct
YYaren, Yemen
84.6%
QQatar, Quito
84.5%
IIndia, Italy
83.6%
CCairo, Chile, China
83%
SSamoa, Sanaa, Seoul, Sofia, Spain, Sudan, Syria
82.1%
PPalau, Paris, Praia
80.1%
NNauru, Nepal, Niger
76.9%
JJapan
76.5%
HHaiti, Hanoi
73.8%
GGabon, Ghana
71.9%
Letter Country/Capital % Correct
TTokyo, Tonga, Tunis
61.4%
KKabul, Kenya
60.6%
EEgypt
60.5%
BBenin
57.8%
MMalta, Minsk
52.3%
LLa Paz, Libya
50.5%
AAbuja, Accra, Amman
44.4%
DDakar, Dhaka
41.6%
VVaduz
34.8%
RRabat
25.9%

You're not logged in!

Compare scores with friends on all Sporcle quizzes.
OR
Log In

You Might Also Like...

Show Comments

Extras

Top Quizzes Today


Score Distribution

Your Account Isn't Verified!

In order to create a playlist on Sporcle, you need to verify the email address you used during registration. Go to your Sporcle Settings to finish the process.

Report this User

Report this user for behavior that violates our Community Guidelines.

Details: